Innovation union in perspective: EU, Slovakia and Serbia

Salvato in:
Dettagli Bibliografici
Autore principale: Ščepánová, Petra
Natura: Capitolo di libro
Lingua:inglese
Tags: Aggiungi Tag
Nessun Tag, puoi essere il primo ad aggiungerne!!

MARC

LEADER 00000nla a2200000 4500
001 0174786
005 20240502072959.8
041 0 |a eng 
044 |a SK 
245 1 0 |a Innovation union in perspective: EU, Slovakia and Serbia  |c Petra Ščepánová 
100 1 |a Ščepánová, Petra